00760cam a2200205 4500001001100000008004100011020001800052035001500070050002100085100002500106245010500131260003000236300002100266440003200287504002900319650003200348942001300380999001900393952014200412LIBR000151 1988 a spa  a84-7214-395-3 aLIBR000151 4aNE1225bC43 19881 aChamberlain, Walter. 0aManual de grabado en madera y tecnicas afines /cWalter Chamberlain ; Fernando Barrajo Castanedo tr. aEspaña :bBlume.,c1988 a184 p. ;c24 cm. 0aManual de grabado en madera aBibliografia: p. 171-173 4aGrabado en maderaxtecnica. 2lcccLIB c158379d158377 00102lcc4071aLIC-026bLIC-026cGENERALd2021-11-16f1a ed.l0oNE1225 C43 1988pBTM000000804r2021-11-16 00:00:00t1w2021-11-16yLIB